[Event "CCLA/SchemingMind Challenge"]
[Site "SchemingMind.com"]
[Date "2008.06.15"]
[Round "-"]
[White "Clive Everill"]
[Black "Brennan Price"]
[Result "0-1"]
[WhiteCountry "CZE"]
[BlackCountry "USA"]
[WhiteElo "1729"]
[WhiteRD "48"]
[BlackElo "2032"]
[BlackRD "84"]
[GameID "158623"]

1. Nf3 d5 2. d4 Nf6 3. e3 c5 4. c4 e6 5. Nc3 a6 6. Ne5 Bd6 7. Nd3 cxd4 8. exd4 dxc4 9. Ne5 Nbd7 10. f4 Bb4
11. Bd2 Nxe5 12. dxe5 Nd5 13. Bxc4 Nb6 14. Be2 O-O 15. O-O Qd4+ 16. Kh1 Rd8 17. Be1 Qxd1 18. Rxd1 Rxd1 19. Nxd1 Bxe1 20. Rxe1 Nd5
21. g3 b5 22. Bf3 Bb7 23. Ne3 Rc8 24. Kg2 Nxe3+ 25. Rxe3 Rc2+ 26. Re2 Rxe2+ 27. Kf1 Bxf3
0-1

[Event "CCLA/SchemingMind Challenge"]
[Site "SchemingMind.com"]
[Date "2008.06.15"]
[Round "-"]
[White "Austin Lockwood"]
[Black "Ronald R. Nurmi"]
[Result "1-0"]
[WhiteCountry "ENG"]
[BlackCountry "USA"]
[WhiteElo "1732"]
[WhiteRD "103"]
[BlackElo "1521"]
[BlackRD "211"]
[GameID "158625"]

1. e4 d5 2. exd5 Qxd5 3. Nc3 Qd6 4. d4 Nf6 5. Nf3 a6 6. Bc4 b5 7. Bd3 Bb7 8. O-O e6 9. Be3 Nbd7 10. Ne5 Be7
11. Nxd7 Qxd7 12. f3 O-O 13. Ne4 Rad8 14. Nc5 Bxc5 15. dxc5 Nd5 16. Bg5 f6 17. Bd2 Rfe8 18. Qe1 e5 19. Qf2 Nf4 20. Bxf4 exf4
21. Rae1 Qf7 22. Rxe8+ Rxe8 23. Qh4 h6 24. Qxf4 Qxa2 25. Qxc7 Bc8 26. Bg6 Rf8 27. Re1 Qc4 28. Re7 Qd4+ 29. Kf1 Qd1+ 30. Re1 Qd5
31. b3 Bf5 32. Bxf5 Qxf5 33. Re7 Qg6 34. c4 Qd3+ 35. Kf2 Qd2+ 36. Re2 Qd4+ 37. Kg3 bxc4 38. Re7 f5 39. bxc4 f4+ 40. Kh3 Qf6
41. Qe5 Qxe5 42. Rxe5 Rc8 43. Kg4 a5 44. Kxf4 a4 45. Ke4 a3 46. Kd4
1-0

[Event "CCLA/SchemingMind Challenge"]
[Site "SchemingMind.com"]
[Date "2008.06.15"]
[Round "-"]
[White "BTraylor"]
[Black "Ursus"]
[Result "0-1"]
[WhiteCountry "USA"]
[BlackCountry "INT"]
[WhiteElo "1353"]
[WhiteRD "246"]
[BlackElo "1722"]
[BlackRD "91"]
[GameID "158598"]

1. Nf3 Nc6 2. Nc3 e5 3. e4 Nf6 4. Bb5 Nd4 5. Nxe5 Bc5 6. Bc4 O-O 7. Bxf7+ Rxf7 8. Nxf7 Kxf7 9. d3 d6 10. h3 Be6
11. Be3 c6 12. Na4 Qa5+ 13. Nc3 Nb5 14. Qd2 Nxc3 15. Bxc5 Qxc5 16. Qxc3 Qg5 17. g3 d5 18. e5 Nd7 19. d4 Rf8 20. Qe3 Qxe3+
21. fxe3 Bf5 22. O-O-O Ke6 23. g4 Be4 24. Rh2 Rf3 25. Re1 c5 26. c3 b6 27. Kd2 a5 28. a4 Ke7 29. Ke2 Nf8 30. Rf1 Rxf1
31. Kxf1 Bd3+ 32. Ke1 Ne6 33. Kd2 c4 34. h4 g5 35. h5 Be4 36. Rf2 Bb1= 37. Rf6 Be4 38. Kc1 Bd3= 39. Rf2 Be4 40. b3 cxb3
41. Kb2 Bc2 42. Rxc2 bxc2 43. Kxc2 Kd7 44. c4 Kc6 45. Kc3 Nc7 46. cxd5+ Nxd5+ 47. Kd3 b5 48. axb5+ Kxb5 49. e4 Nf4+ 50. Kc3 a4
51. Kb2 Kc4 52. d5 Nxd5 53. exd5 Kxd5 54. Ka3 Kxe5 55. Kxa4 Kf4 56. Kb3 Kxg4 57. Kc3 Kxh5 58. Kd3 Kh4 59. Ke3 Kh3 60. Kf2 Kh2
61. Kf3 h5 62. Kf2 g4
0-1

[Event "CCLA/SchemingMind Challenge"]
[Site "SchemingMind.com"]
[Date "2008.06.15"]
[Round "-"]
[White "Ursus"]
[Black "BTraylor"]
[Result "1-0"]
[WhiteCountry "INT"]
[BlackCountry "USA"]
[WhiteElo "1694"]
[WhiteRD "82"]
[BlackElo "1400"]
[BlackRD "269"]
[GameID "158626"]

1. e4 b6 2. d4 Bb7 3. Bd3 e6 4. c4 Bb4+ 5. Nc3 Bxc3+ 6. bxc3 h6 7. Nf3 Nf6 8. e5 Ng8 9. O-O d6 10. exd6 Qxd6
11. Re1 Nd7 12. a4 a5 13. Rb1 Ba6 14. Qe2 Qe7 15. Bf4 c6 16. Bc7 Qa3 17. Bxb6 Qxa4 18. Ra1 Qb3 19. Reb1 Qxc3 20. Bxa5 Qxa1
21. Rxa1 Ngf6 22. Bb4 Rb8 23. Rxa6 Rxb4 24. Ra8+ Nb8 25. Qe5 O-O 26. h3 Nfd7 27. Qe4 Nf6 28. Qe1 Rb3 29. Qd1 Rb6 30. Ne5 Nfd7
31. Nxd7 Nxd7 32. Rxf8+ Kxf8 33. Qa4 Ke8 34. Qa8+ Ke7 35. Be4 c5 36. dxc5 Rb8 37. Qa7 Kd8 38. c6
1-0

[Event "CCLA/SchemingMind Challenge"]
[Site "SchemingMind.com"]
[Date "2008.06.15"]
[Round "-"]
[White "WVU Number 1"]
[Black "loco61"]
[Result "0-1"]
[WhiteCountry "USA"]
[BlackCountry "ENG"]
[WhiteElo "1453"]
[WhiteRD "77"]
[BlackElo "1653"]
[BlackRD "67"]
[GameID "158600"]

1. e4 e5 2. Nf3 Nc6 3. Bb5 d6 4. d4 Bd7 5. dxe5 Nxe5 6. Nc3 Nf6 7. Bg5 h6 8. Bxf6 Qxf6 9. Nxe5 Qxe5 10. Bxd7+ Kxd7
11. O-O c6 12. Qg4+ Kc7 13. Rad1 h5 14. Qf3 f6 15. Ne2 Qxb2 16. Qb3 Qxb3 17. axb3 c5 18. Rd5 g5 19. f4 Re8 20. fxg5 fxg5
21. Nc3 g4 22. Rf7+ Kc6 23. Rff5 Bg7 24. Ne2 Rxe4 25. Ng3 Re1+ 26. Kf2 Rhe8
0-1

[Event "CCLA/SchemingMind Challenge"]
[Site "SchemingMind.com"]
[Date "2008.06.15"]
[Round "-"]
[White "loco61"]
[Black "WVU Number 1"]
[Result "1-0"]
[WhiteCountry "ENG"]
[BlackCountry "USA"]
[WhiteElo "1653"]
[WhiteRD "67"]
[BlackElo "1453"]
[BlackRD "77"]
[GameID "158628"]

1. e4 e6 2. d4 d5 3. e5 c5 4. c3 Nc6 5. Nf3 Qb6 6. Bd3 cxd4 7. cxd4 Nxd4 8. Qa4+ Nc6 9. b3 Bc5 10. O-O Ne7
11. Bb2 O-O 12. Qh4 h6 13. Ng5 Nf5 14. Bxf5 exf5 15. Nf3 Ne7 16. Nbd2 f6 17. exf6 Ng6 18. Qg3 Rxf6 19. Bxf6
1-0

[Event "CCLA/SchemingMind Challenge"]
[Site "SchemingMind.com"]
[Date "2008.06.15"]
[Round "-"]
[White "Brian Acebo"]
[Black "olivsan"]
[Result "1-0"]
[WhiteCountry "USA"]
[BlackCountry "BRA"]
[WhiteElo "1747"]
[WhiteRD "208"]
[BlackElo "1503"]
[BlackRD "83"]
[GameID "158601"]

1. e4 e5 2. Nf3 Nc6 3. d4 exd4 4. Nxd4 Nf6 5. Nc3 Bb4 6. Nxc6 bxc6 7. Bd3 O-O 8. O-O d5 9. exd5 cxd5 10. Bg5 c6
11. Qf3 Be7 12. Rae1 Bg4 13. Qg3 Bd6 14. Qh4 h6 15. Bxf6 Qxf6 16. Qxg4 Qf4 17. Qxf4 Bxf4 18. Re2 d4 19. Na4 Bd6 20. a3 Rab8
21. c3 dxc3 22. Nxc3 Rbe8 23. Rfe1 Rxe2 24. Rxe2 f6 25. Re6 Rd8 26. Bg6 Kf8 27. g4 c5 28. Ne4 Be5 29. Nxc5 Bd4 30. Nd3 f5
31. Bxf5 Kf7 32. Kg2 Rg8 33. Ne5+ Bxe5 34. Rxe5 Kf6 35. Re6+ Kg5 36. Kg3
1-0

[Event "CCLA/SchemingMind Challenge"]
[Site "SchemingMind.com"]
[Date "2008.06.15"]
[Round "-"]
[White "olivsan"]
[Black "Brian Acebo"]
[Result "0-1"]
[WhiteCountry "BRA"]
[BlackCountry "USA"]
[WhiteElo "1503"]
[WhiteRD "83"]
[BlackElo "1747"]
[BlackRD "208"]
[GameID "158629"]

1. e4 c5 2. Nf3 d6 3. d4 cxd4 4. Nxd4 Nf6 5. Nc3 a6 6. Bg5 e6 7. Bc4 Nbd7 8. O-O Be7 9. Bd3 Nc5 10. b4 Nxd3
11. cxd3 O-O 12. Re1 Qb6 13. Nc2 h6 14. Bh4 Qc6 15. Qd2 Kh8 16. Nd4 Qc7 17. Rac1 Qb6 18. Qe3 Ng8 19. Bxe7 Nxe7 20. Na4 Qxb4
21. Rc4 Qa5 22. Nb3 Qd8 23. f3 b5 24. Nb6 bxc4 25. Nxa8 cxb3 26. axb3 Bb7 27. Nb6 Nc8 28. Nc4 d5 29. Ne5 dxe4 30. dxe4 Qc7
31. f4 Nd6 32. Rd1 Bxe4 33. Rc1 Qb7 34. Qc5 Rc8 35. Qa3 Rxc1+ 36. Qxc1 Qb6+ 37. Kf1 Qxb3 38. Ng4 Qd3+ 39. Ke1 Bxg2 40. Nf2 Qf1+
0-1

[Event "CCLA/SchemingMind Challenge"]
[Site "SchemingMind.com"]
[Date "2008.06.15"]
[Round "-"]
[White "DLeber"]
[Black "swayne"]
[Result "1-0"]
[WhiteCountry "USA"]
[BlackCountry "ENG"]
[WhiteElo "1716"]
[WhiteRD "257"]
[BlackElo "1572"]
[BlackRD "92"]
[GameID "158602"]

1. d4 d5 2. e3 Nf6 3. Nd2 Bg4 4. Be2 Bxe2 5. Qxe2 e6 6. f4 a6 7. Ngf3 h6 8. O-O Bd6 9. Ne5 O-O 10. Ndf3 Ne4
11. Qd3 Nc6 12. Nd2 Nb4 13. Qb3 Nf6 14. a3 Nc6 15. Rf3 Qe8 16. c3 b6 17. Qc2 Nxe5 18. fxe5
1-0

[Event "CCLA/SchemingMind Challenge"]
[Site "SchemingMind.com"]
[Date "2008.06.15"]
[Round "-"]
[White "swayne"]
[Black "DLeber"]
[Result "0-1"]
[WhiteCountry "ENG"]
[BlackCountry "USA"]
[WhiteElo "1555"]
[WhiteRD "95"]
[BlackElo "1795"]
[BlackRD "217"]
[GameID "158630"]

1. e4 e5 2. Nf3 d6 3. h3 Nf6 4. Nc3 Be7 5. Bc4 O-O 6. O-O c6 7. a3 b5 8. Ba2 h6 9. d3 a6 10. Be3 Be6
11. Bxe6 fxe6 12. b4 Nbd7 13. Ne2 d5 14. Ng3 Qe8 15. c3 Nh5 16. a4 c5 17. Nxh5 Qxh5 18. bxc5 Bxc5 19. Bxc5 Nxc5 20. axb5 axb5
21. Rxa8 Rxa8 22. exd5 exd5 23. Kh2 e4 24. dxe4 dxe4 25. Nd4 Qe8 26. Re1 Ra2 27. Kg1 Qf7 28. Nc2 Nd3 29. Re2 Qc4 30. Ne3 Qe6
31. c4 Rxe2 32. Qxe2 bxc4 33. Nc2 c3 34. Nd4 Qd5 35. Nc2 Kh7 36. f3 exf3 37. gxf3 Nf4 38. Qf1 Qd2 39. Na1 c2 40. Nb3 Qe3+
0-1

[Event "CCLA/SchemingMind Challenge"]
[Site "SchemingMind.com"]
[Date "2008.06.15"]
[Round "-"]
[White "Kobiahshi"]
[Black "Shanks"]
[Result "1-0"]
[WhiteCountry "USA"]
[BlackCountry "ENG"]
[WhiteElo "1602"]
[WhiteRD "111"]
[BlackElo "1409"]
[BlackRD "66"]
[GameID "158603"]

1. e4 d6 2. d4 g6 3. Nc3 Bg7 4. Be3 a6 5. Qd2 b6 6. h4 h5 7. f3 Bb7 8. O-O-O Bh6 9. g4 Bxe3 10. Qxe3 Nc6
11. Nge2 Qd7 12. Bh3 O-O-O 13. gxh5 e6 14. hxg6 fxg6 15. Nf4 Kb8 16. Nxe6 Qe7 17. Nxd8 Nxd8 18. Qg5 Qe8 19. d5 Ne7 20. Bg2 Rg8
21. Kb1 Nf7 22. Qe3 Ne5 23. Qd4 Nd7 24. Rde1 g5 25. hxg5 Rxg5 26. Rh8 Ng8 27. Bf1 Qc8 28. f4 Rg6 29. f5 Rh6 30. Bh3 Rxh8
31. Qxh8 Ne7 32. Qxc8+ Nxc8 33. Rf1 Nf6 34. Rg1 Nd7 35. Ne2 Nf6 36. Nc3 b5 37. a3 Ka7 38. Rg6 Nd7 39. f6 Ne5 40. Rg7 Nb6
41. Rxc7 Nbc4 42. f7 Kb6 43. Rxb7+ Kxb7 44. f8=Q Nd2+ 45. Kc1 Ndc4 46. Qc8+ Kb6 47. Qb8+ Kc5 48. Qa7+ Nb6 49. Qc7+ Kd4 50. Qxb6+ Kc4
51. Bf1+ Nd3+ 52. Bxd3#
1-0

[Event "CCLA/SchemingMind Challenge"]
[Site "SchemingMind.com"]
[Date "2008.06.15"]
[Round "-"]
[White "Shanks"]
[Black "Kobiahshi"]
[Result "0-1"]
[WhiteCountry "ENG"]
[BlackCountry "USA"]
[WhiteElo "1398"]
[WhiteRD "70"]
[BlackElo "1665"]
[BlackRD "99"]
[GameID "158631"]

1. d4 Nf6 2. Nf3 e6 3. c3 d5 4. e3 Bd6 5. Be2 c5 6. b3 O-O 7. O-O Nc6 8. Bb2 Rb8 9. dxc5 Bxc5 10. Nbd2 Bd7
11. c4 dxc4 12. Bxc4 b5 13. Be2 Qe7 14. a3 Bd6 15. Re1 e5 16. e4 Rfe8 17. h3 a5 18. b4 axb4 19. axb4 Bxb4 20. Bf1 Qd6
21. g3 Nh5 22. Bg2 Qc5 23. Nb3 Qe7 24. Re2 Qd6 25. Qxd6 Bxd6 26. g4 Nf4 27. Rd2 Re6 28. Bf1 Be8 29. Ng5 Rg6 30. Nf3 Bc7
31. Nc5 Nb4 32. Nxe5 Rd6 33. Rxd6 Bxd6 34. Nb3 h6 35. Nd2 Kh7 36. Nef3 Nc6 37. Re1 f6 38. Nd4 Nxd4 39. Bxd4 Bb4 40. Rd1 Bc6
41. f3 Ra8 42. Be3 Ng6 43. f4 Rd8 44. f5 Ne5 45. Be2 Nd3 46. h4 Bxd2 47. Bxd2 Bxe4 48. Bxd3 Rxd3 49. Kf2 b4 50. Ke2 b3
51. g5 Bxf5 52. gxf6 gxf6 53. Rf1 b2 54. Rxf5 b1=Q 55. Rf3 Rxf3 56. Kxf3= h5 57. Be3 Qf5+ 58. Ke2 Qg4+ 59. Kd2 Qxh4 60. Kd3 f5
61. Bd4 Qe4+ 62. Kc3 h4 63. Kc4 h3 64. Kc5 h2
0-1

[Event "CCLA/SchemingMind Challenge"]
[Site "SchemingMind.com"]
[Date "2008.06.15"]
[Round "-"]
[White "CStephan"]
[Black "Manfred Kraut"]
[Result "1-0"]
[WhiteCountry "USA"]
[BlackCountry "GER"]
[WhiteElo "2042"]
[WhiteRD "164"]
[BlackElo "1423"]
[BlackRD "76"]
[GameID "158604"]

1. d4 g6 2. Nf3 Bg7 3. Bf4 Nf6 4. e3 O-O 5. Bd3 d6 6. h3 Nbd7 7. O-O Re8 8. Bh2 e5 9. dxe5 dxe5 10. e4 b6
11. c3 Bb7 12. Qc2 a5 13. Nbd2 Ba6 14. Bxa6 Rxa6 15. Rad1 Qe7 16. Nc4 Nxe4 17. Rfe1 Ng5 18. Nxg5 Qxg5 19. Rxd7 b5 20. Ne3 c5
21. Nd5 Rae6 22. Nc7 R6e7 23. Rxe7 Rxe7 24. Nxb5 h5 25. Nd6 Rd7 26. Ne4 Qf5 27. Qe2 Bf8 28. Nd2 Bd6 29. Nf3 Re7 30. Bxe5 f6
31. Qc4+ Re6 32. Bxd6 Kf7 33. Qxe6+ Qxe6 34. Rxe6 Kxe6 35. Bxc5 Kd5 36. Bd4 f5 37. Kf1 Kc6 38. Ne5+ Kd5 39. Nxg6
1-0

[Event "CCLA/SchemingMind Challenge"]
[Site "SchemingMind.com"]
[Date "2008.06.15"]
[Round "-"]
[White "Manfred Kraut"]
[Black "CStephan"]
[Result "0-1"]
[WhiteCountry "GER"]
[BlackCountry "USA"]
[WhiteElo "1423"]
[WhiteRD "76"]
[BlackElo "2042"]
[BlackRD "164"]
[GameID "158632"]

1. e4 c5 2. d4 cxd4 3. c3 dxc3 4. Nxc3 Nc6 5. Bc4 e6 6. Nf3 d6 7. O-O Nf6 8. Bg5 Be7 9. Qd2 O-O 10. Bf4 Ne8
11. a3 Nc7 12. b4 a6 13. a4 d5 14. exd5 exd5 15. Nxd5 Nxd5 16. Bxd5 Nxb4 17. Rfd1 Nxd5 18. Qxd5 Qxd5 19. Rxd5 Be6 20. Re5 Bf6
21. Rb1 Bxe5 22. Nxe5 Rfd8 23. h3 h6 24. Rxb7 Rd1+ 25. Kh2 Rd4 26. g3 Rxa4 27. Nc6 Ra1 28. g4 Kh7 29. f3 Rc8 30. Nd4 Ba2
31. Nf5 Rc2+ 32. Kg3 g5 33. Be3 Rh1 34. f4 Rhh2 35. fxg5 hxg5 36. Bxg5 Rhg2+ 37. Kh4 Rb2 38. Nd6 Rxb7 39. Nxb7 Rb2
0-1

[Event "CCLA/SchemingMind Challenge"]
[Site "SchemingMind.com"]
[Date "2008.06.15"]
[Round "-"]
[White "MDuncovich"]
[Black "FlameViper"]
[Result "1-0"]
[WhiteCountry "USA"]
[BlackCountry "NZL"]
[WhiteElo "1678"]
[WhiteRD "216"]
[BlackElo "1421"]
[BlackRD "95"]
[GameID "158605"]

1. e4 e5 2. Nf3 Nc6 3. Bb5 f5 4. Nc3 fxe4 5. Nxe4 Nf6 6. Nxf6+ Qxf6 7. Qe2 Be7 8. Bxc6 dxc6 9. Nxe5 Bf5 10. d3 O-O
11. O-O Rae8 12. Nc4 Bd6 13. Qf3 h6 14. Bd2 Re7 15. Bc3 Qg6 16. Nxd6 Bc8 17. Qg3 Qxd6 18. Rae1 b6 19. Qxd6 Rxe1 20. Qxf8+ Kxf8
21. Rxe1 a5 22. Be5 b5 23. Bxc7 a4 24. Bd6+ Kf7 25. Re7+ Kg8 26. Rc7 c5 27. Rxc8+ Kf7 28. Bxc5 Kg6 29. Rb8 h5 30. Rxb5 Kh7
31. Ba3
1-0

[Event "CCLA/SchemingMind Challenge"]
[Site "SchemingMind.com"]
[Date "2008.06.15"]
[Round "-"]
[White "FlameViper"]
[Black "MDuncovich"]
[Result "0-1"]
[WhiteCountry "NZL"]
[BlackCountry "USA"]
[WhiteElo "1421"]
[WhiteRD "95"]
[BlackElo "1678"]
[BlackRD "216"]
[GameID "158633"]

1. e4 e5 2. Nf3 Nc6 3. Bc4 Nf6 4. d4 exd4 5. e5 Ne4 6. Bd5 Nc5 7. O-O Ne6 8. Bxc6 dxc6 9. c3 dxc3 10. Nxc3 Qxd1
11. Rxd1 Bb4 12. a3 Bxc3 13. bxc3 Bd7 14. Bf4 Nxf4 15. a4 O-O-O 16. a5 Ne2+ 17. Kh1 Nxc3 18. Rd3 Nd5 19. a6 b6 20. h3 Be6
21. Ng5 h6 22. Ne4 Bf5 23. Rd4 Bxe4 24. Rxe4 Rhe8 25. Re2 Re6 26. Rae1 Rde8 27. Re4 g5 28. Kg1 Kd7 29. g3 f5 30. R4e2 h5
0-1

[Event "CCLA/SchemingMind Challenge"]
[Site "SchemingMind.com"]
[Date "2008.06.15"]
[Round "-"]
[White "RMcPherren"]
[Black "Sjakkie"]
[Result "1-0"]
[WhiteCountry "USA"]
[BlackCountry "NED"]
[WhiteElo "1683"]
[WhiteRD "214"]
[BlackElo "1400"]
[BlackRD "77"]
[GameID "158606"]

1. e4 e5 2. Nc3 Nf6 3. f4 d6 4. Nf3 Bg4 5. h3 Bh5 6. g4 a6 7. gxh5 Nxh5 8. fxe5 Ng3 9. Rg1 Nxf1 10. Rxf1 h6
11. exd6 Qxd6 12. e5 Qe6 13. d4 Bb4 14. Qd3 O-O 15. Bd2 Be7 16. O-O-O Qxh3 17. Nd5 Bd8 18. Rg1 Qe6 19. Nf4 Qxa2 20. Bc3 Nc6
21. d5 Na7 22. e6 fxe6 23. Rxg7+ Kh8 24. Qh7#
1-0

[Event "CCLA/SchemingMind Challenge"]
[Site "SchemingMind.com"]
[Date "2008.06.15"]
[Round "-"]
[White "Sjakkie"]
[Black "RMcPherren"]
[Result "1/2-1/2"]
[WhiteCountry "NED"]
[BlackCountry "USA"]
[WhiteElo "1434"]
[WhiteRD "75"]
[BlackElo "1790"]
[BlackRD "147"]
[GameID "158634"]

1. e4 e5 2. Nc3 f5 3. d3 d6 4. f4 Nf6 5. h3 exf4 6. Bxf4 fxe4 7. dxe4 Be7 8. Bd3 O-O 9. Nf3 Nh5 10. Bc4+ Kh8
11. Bh2 Bf6 12. Na4 b6 13. Bd5 c6 14. Bb3 Be7 15. O-O Nf6 16. Re1 Bb7 17. c4 c5 18. Bc2 Qc7 19. b3 Nc6 20. a3 Rad8
21. Nc3 Nd7 22. Qd3 Nde5 23. Nxe5 dxe5 24. Nd5 Qd7 25. Bg3 Bd6 26. Bd1 Ne7 27. Bg4 Qe8 28. Qd2 Ng6 29. Bh5= Bb8 30. Bh4 Rd6
31. Bg3 Qe6 32. Bg4 Qf7 33. Rf1 Qg8 34. Rxf8 Qxf8 35. Rf1 Qe8 36. Qb2 Bxd5 37. exd5 Rf6 38. Bh5 Rxf1+ 39. Kxf1 Qf8+ 40. Kg1 Nf4
41. Bf3 Bd6 42. a4 g5=
1/2-1/2

[Event "CCLA/SchemingMind Challenge"]
[Site "SchemingMind.com"]
[Date "2008.06.15"]
[Round "-"]
[White "DCangelosi"]
[Black "Alessandro Dotti Contra"]
[Result "1-0"]
[WhiteCountry "USA"]
[BlackCountry "ITA"]
[WhiteElo "1635"]
[WhiteRD "258"]
[BlackElo "1358"]
[BlackRD "92"]
[GameID "158607"]

1. d4 d5 2. e3 Nf6 3. Bd3 e6 4. f4 Bd6 5. Nf3 O-O 6. Nbd2 h6 7. Ne5 a5 8. a4 Nc6 9. c3 b6 10. Nxc6 Qd7
11. Ne5 Bxe5 12. fxe5 Ba6 13. Bxa6 Rxa6 14. exf6 g6 15. O-O b5 16. Nf3 c6 17. Ne5 Qd6 18. e4 b4 19. Bxh6 Rb8 20. Qg4 Rb7
21. Bg7 bxc3 22. Qh4 Rxb2 23. Qh8#
1-0

[Event "CCLA/SchemingMind Challenge"]
[Site "SchemingMind.com"]
[Date "2008.06.15"]
[Round "-"]
[White "Alessandro Dotti Contra"]
[Black "DCangelosi"]
[Result "0-1"]
[WhiteCountry "ITA"]
[BlackCountry "USA"]
[WhiteElo "1518"]
[WhiteRD "76"]
[BlackElo "1706"]
[BlackRD "225"]
[GameID "158635"]

1. e4 d5 2. exd5 Qxd5 3. Nc3 Qd8 4. d4 e5 5. Nf3 exd4 6. Qxd4 Qxd4 7. Nxd4 Bb4 8. Bd2 Nf6 9. Bd3 O-O 10. O-O b6
11. Ne4 Bxd2 12. Nxd2 Bb7 13. f3 Nbd7 14. Rae1 Nc5 15. Bc4 Rad8 16. N4b3 a5 17. Nxc5 Rxd2 18. Rc1 bxc5 19. a3 Bd5 20. Bb3 g6
21. h3 Rb8 22. Bxd5 Nxd5 23. Rfd1 Rxd1+ 24. Rxd1 Ne3 25. Rd7 Rxb2 26. Kf2 Nxc2 27. Rxc7 Nxa3+ 28. Kg1 c4 29. Ra7 c3 30. Rxa5 c2
31. Rc5 Rb1+ 32. Kh2 c1=Q 33. Rxc1 Rxc1 34. g4 Rc2+ 35. Kg3 g5 36. f4 Rc3+ 37. Kg2 gxf4 38. h4 Rg3+ 39. Kf2 Rxg4 40. Kf3 f5
41. Kf2 Rg3 42. h5 Re3 43. Kg2 f3+ 44. Kg3 Nc4 45. Kf2 f4 46. Kf1 Re2 47. Kg1 Nd2 48. Kh1 f2 49. Kg2 f1=Q#
0-1

[Event "CCLA/SchemingMind Challenge"]
[Site "SchemingMind.com"]
[Date "2008.06.15"]
[Round "-"]
[White "Roger Martindale"]
[Black "Games Freak"]
[Result "1-0"]
[WhiteCountry "USA"]
[BlackCountry "AUS"]
[WhiteElo "1497"]
[WhiteRD "171"]
[BlackElo "1102"]
[BlackRD "100"]
[GameID "158608"]

1. e4 e5 2. Nf3 Nc6 3. Bb5 a6 4. Ba4 Nf6 5. O-O Be7 6. Re1 b5 7. Bb3 d6 8. c3 O-O 9. h3 Na5 10. Bc2 c5
11. d4 Qc7 12. d5 Bd7 13. Nbd2 c4 14. b4 cxb3 15. Nxb3 Nxb3 16. Bxb3 Qxc3 17. Bd2 Qd3 18. Re3 Qxe4 19. Rxe4 Nxe4 20. Be3 Rac8
21. g4 b4 22. a3 a5 23. Ba4 Nc3 24. Qd2 Nxa4 25. axb4 axb4 26. Qxb4 Nc5 27. Ra7 Rfd8 28. Qb1 Rb8 29. Qc2 Ra8 30. Rxa8 Rxa8
31. Qb1 f6 32. g5 h6 33. gxh6 gxh6 34. Qg6+ Kf8 35. Qxh6+ Kf7 36. Qh7+ Kf8 37. Bh6+ Ke8 38. Qg8+ Bf8 39. Qxf8#
1-0

[Event "CCLA/SchemingMind Challenge"]
[Site "SchemingMind.com"]
[Date "2008.06.15"]
[Round "-"]
[White "Games Freak"]
[Black "Roger Martindale"]
[Result "1-0"]
[WhiteCountry "AUS"]
[BlackCountry "USA"]
[WhiteElo "1102"]
[WhiteRD "100"]
[BlackElo "1497"]
[BlackRD "171"]
[GameID "158636"]

1. e4 e5 2. Nf3 d6 3. d4 exd4 4. Nxd4 g6 5. Nc3 Bg7 6. Be3 Nf6 7. Qd2 O-O 8. O-O-O Re8 9. f3 Bd7 10. g4 a6
11. h4 c5 12. Nb3 b5 13. g5 Nh5 14. Bh3 Bxh3 15. Rxh3 Nc6 16. Qd5 Qd7 17. Rdh1 Be5 18. Nxc5 Nb4 19. Nxd7 Nxd5 20. Nxd5 Kg7
21. N7b6 Ra7 22. Nc8 Rb7 23. Rf1 Rxc8 24. f4 Nxf4 25. Nxf4 Rc4 26. Nd3 Rxe4 27. Re1 d5 28. h5 gxh5 29. Rxh5 d4 30. Bd2 Rxe1+
31. Bxe1 Re7 32. g6 Kxg6 33. Rxe5 Rd7 34. Nf4+ Kf6 35. Nd3 Rd6 36. Bh4+ Kg7 37. Rg5+ Kh6 38. Rg8 Kh5 39. Be7 Rd5 40. Nf4+
1-0

[Event "CCLA/SchemingMind Challenge"]
[Site "SchemingMind.com"]
[Date "2008.06.15"]
[Round "-"]
[White "VJohnson"]
[Black "nino"]
[Result "1-0"]
[WhiteCountry "USA"]
[BlackCountry "WLS"]
[WhiteElo "1615"]
[WhiteRD "242"]
[BlackElo "1218"]
[BlackRD "68"]
[GameID "158609"]

1. d4 d5 2. Nf3 e6 3. Bf4 Be7 4. e3 Bd7 5. c4 Bc6 6. Nc3 b6 7. a3 h6 8. b4 Bd7 9. Nb5 Bf6 10. Nxc7+ Kf8
11. Nxa8 Nc6 12. Nc7 e5 13. dxe5 Bxe5 14. Bxe5 Nxe5 15. Nxd5 Ng4 16. Qd4 N4f6 17. Nxf6 Nxf6 18. Rd1 Ke7 19. c5 Re8 20. cxb6 axb6
21. Ne5 b5 22. Qa7 Qc8 23. Nxd7 Nxd7 24. Bxb5 Rd8 25. Ke2 Ke8 26. a4 Ke7 27. a5 Kf8 28. Bxd7 Qc2+ 29. Kf3 Rxd7 30. Qxd7 h5
31. Qd8#
1-0

[Event "CCLA/SchemingMind Challenge"]
[Site "SchemingMind.com"]
[Date "2008.06.15"]
[Round "-"]
[White "nino"]
[Black "VJohnson"]
[Result "0-1"]
[WhiteCountry "WLS"]
[BlackCountry "USA"]
[WhiteElo "1218"]
[WhiteRD "68"]
[BlackElo "1615"]
[BlackRD "242"]
[GameID "158637"]

1. e4 e6 2. d4 d5 3. e5 c5 4. Nf3 Nc6 5. Be3 Qb6 6. b3 Bd7 7. Be2 cxd4 8. Nxd4 Nxd4 9. Bd3 Bc5 10. O-O Ne7
11. Nd2 O-O 12. c3 Ndf5 13. Bxc5 Qxc5 14. Qg4 Qxc3 15. Nc4 dxc4 16. Bxc4 Qxe5 17. Rae1 Qb2 18. Re2 Qa3 19. h3 Rac8 20. Rd1 Rfd8
21. Red2 Rc7 22. Bb5 Rc1 23. Bxd7 Rxd1+ 24. Qxd1 Qc5 25. Bxe6 Rxd2 26. Qxd2 fxe6 27. Qd8+ Kf7 28. a3 Qxa3 29. Qh8 h6 30. g4 Nh4
31. Qh7 Qxb3 32. Kh2 Qf3 33. g5 Qg2#
0-1